000 00498pab a2200193 454500
008 180718b1998 xxu||||| |||| 00| 0 eng d
100 _aSundari, S.
245 _aCosts and benefit of female labour migration
260 _c1998
300 _ap.766-90
362 _aJul
650 _aMigration - India
650 _aWomen - India
650 _aLabour migration - India
650 _aLabour migration
700 _aRukmani, M.K.
773 _aIndian Journal of Social Work
909 _a38818
999 _c38818
_d38818